Sport Player - Multiple Choice - Statistics

General Stats
  • This quiz has been taken 14 times
  • The average score is 9 of 15
Answer Stats
Question Answer % Correct
Lebron James
100%
Roger Federer
100%
Stephen Curry
100%
Manny Pacquiao
100%
Pelé
100%
Where does Cristiano Ronaldo live? Portugal
100%
Harry Kane
93%
Jan-Ove Waldner
79%
Where does PV Sindhu live? India
79%
Where does Scottie Scheffler live? United States
79%
No matching quizzes found
Score Distribution
Percent of People with Each Score
Percentile by Number Answered
Your Score History
You have not taken this quiz